| 000 | 00357nam a22001217a 4500 | ||
|---|---|---|---|
| 999 |
_c18565 _d18565 |
||
| 008 | 201019b xxu||||| |||| 00| 0 eng d | ||
| 020 | _a0702068911 | ||
| 050 |
_aR735 _b.P73 2017 c.1 |
||
| 245 |
_aA Practical Guide for Medical Teachers _cEdited by John A. Dent, Ronald M. Harden & Dan Hunt |
||
| 250 | _a5th ed. | ||
| 300 | _axviii, 405p. | ||
| 942 |
_2lcc _cBK |
||